000 00538nam a2200157 i 4500
001 26188
003 ES-MaACL
005 20230906153411.0
007 t|
008 030108s1968 sp ||||1| spa d
245 0 0 _aAspectos sociológicos de la ordenación rural.
260 _aMadrid :
_bServicio Nacional de Concentración Parcelaria y Ordenación Rural,
_c[1968]
300 _a153 p. ;
_c24 cm.
710 1 _aEspaña.
_bServicio Nacional de Concentración Parcelaria y Ordenación Rural.
_93982
852 _aES-MaACL
_jC-34345
_bR.65249
999 _c26188
_d26188